[Event "Prague Summer op-A 10th"]
[White "Peil, Christoph"]
[Black "Pasztor, Ferenc1"]
[Site "Prague"]
[Round "3"]
[Result "1-0"]
[Date "2023.08.06"]
[WhiteElo "2293"]
[BlackElo "2128"]
[PlyCount "57"]
[EventDate "2023.08.04"]
[EventType "swiss"]
[EventRounds "9"]
[EventCountry "CZE"]
[SourceTitle "CBM 215 Extra"]
[Source "ChessBase"]
[SourceDate "2023.09.30"]
[SourceVersion "1"]
[SourceVersionDate "2023.09.30"]
[SourceQuality "1"]

1. c4 e5 2. Nc3 g6 3. g3 Bg7 4. Bg2 Nc6 5. e4 Nge7 6. Nge2 0-0 7. 0-0 d6 8. d3 Be6 9. Nd5 Bxd5 10. cxd5 Nd4 11. Nxd4 exd4 12. Qb3 Rb8 13. Bh3 Kh8 14. Qa4 a6 15. Bd2 Ra8 16. Ba5 b6 17. Bd2 Ra7 18. Rac1 h6 19. f4 f5 20. Rfe1 b5 21. Qb3 Qd7 22. Bg2 Rc8 23. e5 c5 24. dxc6 Nxc6 25. e6 Qe8 26. Bxc6 Rxc6 27. Rxc6 Qxc6 28. e7 Qe8 29. Qe6 1-0

[Event "Oberliga Ost-A 1516"]
[White "Peil, Christoph"]
[Black "Orsag, Milan"]
[Site "Germany"]
[Round "4.2"]
[Result "1-0"]
[Date "2015.11.15"]
[WhiteElo "2255"]
[BlackElo "2368"]
[PlyCount "75"]
[EventDate "2015.09.20"]
[EventType "team-tourn"]
[EventRounds "11"]
[EventCountry "GER"]
[SourceTitle "EXT 2017"]
[Source "ChessBase"]
[SourceDate "2016.10.25"]
[SourceVersion "1"]
[SourceVersionDate "2016.10.25"]
[SourceQuality "1"]
[WhiteTeam "Aue Nickelhuette II"]
[BlackTeam "Hoyerswerda"]
[WhiteTeamCountry "GER"]
[BlackTeamCountry "GER"]

1. c4 e6 2. Nc3 d5 3. d4 c5 4. cxd5 exd5 5. Nf3 Nc6 6. g3 Nf6 7. Bg2 Be7 8. 0-0 0-0 9. b3 Ne4 10. Bb2 Bf6 11. e3 Bg4 12. Ne2 Qa5 13. Ne5 Bxe5 14. dxe5 Qd2 15. Qxd2 Nxd2 16. Rfd1 Nf3+ 17. Kh1 Nfxe5 18. Rxd5 Rad8 19. Rad1 Rxd5 20. Rxd5 f6 21. Nc3 Nb4 22. Rd2 Nf3 23. Rd6 Ne1 24. Bf1 Bf3+ 25. Kg1 Bc6 26. Bc4+ Kh8 27. a3 Nf3+ 28. Kf1 Nxh2+ 29. Ke1 Nf3+ 30. Kd1 Ne5 31. axb4 cxb4 32. Nb5 Nxc4 33. bxc4 a5 34. Nd4 Rc8 35. Nxc6 bxc6 36. Bd4 h5 37. Bc5 Kh7 38. Kc2 1-0

[Event "GER-ch U18"]
[White "Peil, Christoph"]
[Black "Pfreundt, Jakob"]
[Site "Willingen"]
[Round "7"]
[Result "1-0"]
[Date "2015.05.28"]
[WhiteElo "2171"]
[BlackElo "2194"]
[PlyCount "113"]
[EventDate "2015.05.24"]
[EventType "swiss"]
[EventRounds "9"]
[EventCountry "GER"]
[SourceTitle "CBM 166 Extra"]
[Source "ChessBase"]
[SourceDate "2015.06.18"]
[SourceVersion "1"]
[SourceVersionDate "2015.06.18"]
[SourceQuality "1"]

1. c4 e6 2. Nc3 d5 3. d4 Nf6 4. Nf3 Be7 5. Bg5 h6 6. Bh4 0-0 7. e3 b6 8. cxd5 Nxd5 9. Bxe7 Qxe7 10. Nxd5 exd5 11. Bd3 c5 12. dxc5 bxc5 13. 0-0 Be6 14. Rc1 Nd7 15. Bb1 Qf6 16. e4 dxe4 17. Bxe4 Rab8 18. b3 Rfc8 19. Bd5 Bg4 20. h3 Bh5 21. Be4 Nf8 22. Qd5 Bxf3 23. Bxf3 Qb2 24. Ra1 Qc3 25. Rfc1 Qd4 26. Qc4 Rb4 27. Qxd4 Rxd4 28. Rc2 g6 29. Rac1 Ne6 30. Bg4 f5 31. Be2 Kg7 32. Bc4 Nf4 33. Ba6 Rc6 34. Bb5 Rb6 35. Bf1 Ne6 36. Bc4 Nc7 37. Re1 Kf6 38. Rce2 Nd5 39. Re8 Nc3 40. Rf8+ Kg5 41. g3 Re4 42. f4+ Kh5 43. Rxe4 fxe4 44. Rc8 Rf6 45. Rxc5+ g5 46. Bf1 Nxa2 47. f5 g4 48. h4 a6 49. Bg2 e3 50. Be4 Nb4 51. Kf1 a5 52. Ke2 Na6 53. Rc6 Rxc6 54. Bxc6 Nc7 55. Kxe3 a4 56. bxa4 Nd5+ 57. Kd4 1-0

[Event "GER-ch U18"]
[White "Peil, Christoph"]
[Black "Kramer, Julian"]
[Site "Willingen"]
[Round "5"]
[Result "0-1"]
[Date "2015.05.26"]
[WhiteElo "2171"]
[BlackElo "2254"]
[PlyCount "66"]
[EventDate "2015.05.24"]
[EventType "swiss"]
[EventRounds "9"]
[EventCountry "GER"]
[SourceTitle "CBM 166 Extra"]
[Source "ChessBase"]
[SourceDate "2015.06.18"]
[SourceVersion "1"]
[SourceVersionDate "2015.06.18"]
[SourceQuality "1"]

1. e4 c5 2. Nf3 d6 3. d4 cxd4 4. Nxd4 Nf6 5. Nc3 a6 6. Be3 e5 7. Nb3 Be6 8. f4 Qc7 9. f5 Bc4 10. Qf3 b5 11. 0-0-0 Nbd7 12. Kb1 Rc8 13. a3 Nb6 14. Nd2 Bxf1 15. Bxb6 Qxb6 16. Rhxf1 b4 17. axb4 Qxb4 18. Nb3 a5 19. Nd5 Nxd5 20. Rxd5 a4 21. Nc1 Be7 22. Na2 Qb6 23. Qd3 Rb8 24. Qa3 0-0 25. Nc3 Qc6 26. Kc1 Rfc8 27. Qxa4 Bg5+ 28. Kd1 Qb6 29. Qb5 Qe3 30. Qd3 Qa7 31. b3 Qa1+ 32. Ke2 Qxc3 33. Rxd6 Qxc2+ 0-1

[Event "Oberliga Ost-A 1415"]
[White "Kuchynka, Lukas"]
[Black "Peil, Christoph"]
[Site "Germany"]
[Round "3.1"]
[Result "1-0"]
[Date "2014.10.19"]
[WhiteElo "2299"]
[BlackElo "2069"]
[PlyCount "97"]
[EventDate "2014.09.21"]
[EventType "team-tourn"]
[EventRounds "11"]
[EventCountry "GER"]
[SourceTitle "EXT 2016"]
[Source "ChessBase"]
[SourceDate "2015.10.08"]
[SourceVersion "1"]
[SourceVersionDate "2015.10.08"]
[SourceQuality "1"]
[WhiteTeam "Magdeburg Rochade"]
[BlackTeam "Aue Nickelhuette II"]
[WhiteTeamCountry "GER"]
[BlackTeamCountry "GER"]

1. d4 Nf6 2. Nf3 e6 3. e3 b6 4. Bd3 Bb7 5. 0-0 c5 6. c4 d5 7. Nc3 Be7 8. cxd5 exd5 9. Bb5+ Kf8 10. dxc5 bxc5 11. b3 Na6 12. Bb2 Nc7 13. Be2 Ne6 14. Rc1 Rc8 15. Na4 g6 16. Ne5 Kg7 17. f4 Rf8 18. Bf3 Kg8 19. Qc2 Qc7 20. Qf2 Qb8 21. g4 Rfd8 22. g5 Ne8 23. Bg4 Bd6 24. Bxe6 fxe6 25. Qh4 Bf8 26. Nxg6 hxg6 27. Qh8+ Kf7 28. Qh7+ Ng7 29. Be5 Qa8 30. h4 Rd7 31. Nxc5 Bxc5 32. Qxg7+ Ke8 33. Qxg6+ Ke7 34. Qf6+ Ke8 35. Qxe6+ Re7 36. Qg6+ Rf7 37. Qe6+ Re7 38. Qg6+ Rf7 39. Bd4 Bf8 40. Qe6+ Re7 41. Qg6+ Rf7 42. Qh5 Rxc1 43. Rxc1 Qd8 44. g6 Rg7 45. Qg4 Qd7 46. Qxd7+ Rxd7 47. f5 Ba3 48. Rc2 Ba6 49. f6 1-0

[Event "Oberliga Ost-A 1314"]
[White "Fiedler, Holger"]
[Black "Peil, Christoph"]
[Site "Germany"]
[Round "1.3"]
[Result "1/2-1/2"]
[Date "2013.10.13"]
[WhiteElo "2192"]
[BlackElo "2015"]
[PlyCount "97"]
[EventDate "2013.10.13"]
[EventType "team-tourn"]
[EventRounds "11"]
[EventCountry "GER"]
[SourceTitle "EXT 2015"]
[Source "ChessBase"]
[SourceDate "2014.11.20"]
[SourceVersion "1"]
[SourceVersionDate "2014.11.20"]
[SourceQuality "1"]
[WhiteTeam "Chemnitz"]
[BlackTeam "Aue Nickelhuette II"]
[WhiteTeamCountry "GER"]
[BlackTeamCountry "GER"]

1. e4 c5 2. Nf3 Nc6 3. d4 cxd4 4. Nxd4 e5 5. Nb5 d6 6. N1c3 a6 7. Na3 Nf6 8. Bg5 b5 9. Bxf6 gxf6 10. Nd5 f5 11. exf5 Bxf5 12. c3 Bg7 13. Nc2 Rb8 14. Nce3 Be6 15. Bd3 0-0 16. Qh5 f5 17. Nxf5 Rxf5 18. Bxf5 Bxd5 19. 0-0-0 Bxa2 20. Bxh7+ Kf8 21. Qf3+ Qf6 22. Qxf6+ Bxf6 23. Rxd6 Bg5+ 24. Kc2 Na5 25. h4 Bb3+ 26. Kd3 Nc4 27. Rxa6 Rd8+ 28. Ke4 Be7 29. Kf3 Nxb2 30. h5 Kg7 31. Be4 Na4 32. Ra7 Rf8+ 33. Kg3 Kf6 34. Rc7 Bd6 35. Rc6 Ke7 36. Ra1 Rh8 37. Kh4 Bc5 38. f3 Bf2+ 39. g3 Kd7 40. Rg6 Bc5 41. g4 Be3 42. Bc6+ Ke7 43. Rg7+ Kd6 44. Bxb5 Nxc3 45. Bd3 Bd5 46. Kg3 Rf8 47. Rf1 e4 48. fxe4 Nxe4+ 49. Bxe4 1/2-1/2

[Event "BL2-Ost 1213"]
[White "Peil, Christoph"]
[Black "Loew, Gerald"]
[Site "Germany"]
[Round "7.8"]
[Result "1/2-1/2"]
[Date "2013.02.24"]
[WhiteElo "2006"]
[BlackElo "2258"]
[PlyCount "85"]
[EventDate "2012.10.14"]
[EventType "team-tourn"]
[EventRounds "9"]
[EventCountry "GER"]
[SourceTitle "CBM 154 Extra"]
[Source "ChessBase"]
[SourceDate "2013.06.25"]
[SourceVersion "2"]
[SourceVersionDate "2013.06.25"]
[SourceQuality "1"]
[WhiteTeam "Aue Nickelhuette"]
[BlackTeam "Bindlach"]
[WhiteTeamCountry "GER"]
[BlackTeamCountry "GER"]

1. e4 c5 2. Nf3 g6 3. d4 cxd4 4. Nxd4 Bg7 5. c4 Nc6 6. Be3 Nf6 7. Nc3 d6 8. Be2 0-0 9. 0-0 Nxd4 10. Bxd4 Bd7 11. Qd2 Bc6 12. f3 a5 13. b3 Nd7 14. Be3 Nc5 15. Rab1 e6 16. Rfc1 Be5 17. Rc2 Qe7 18. Bf1 f5 19. exf5 Rxf5 20. f4 Bxc3 21. Qxc3 Be4 22. Re1 Bxc2 23. Qxc2 Re8 24. g3 Rf7 25. Qc3 Qc7 26. Bg2 Qb6 27. Rd1 Rd7 28. Bf3 Ree7 29. Kg2 Rf7 30. Be2 Rf8 31. Bc1 Qb4 32. Qd4 a4 33. Bb2 axb3 34. Qh8+ Kf7 35. Qxh7+ Ke8 36. Qxg6+ Kd8 37. axb3 Qxb3 38. Bf6+ Kc7 39. Bd4 Ra8 40. Bxc5 dxc5 41. Rxd7+ Kxd7 42. Qg7+ Kd6 43. Qe5+ 1/2-1/2

[Event "BL2-Ost 1213"]
[White "Peil, Christoph"]
[Black "Neef, Maximilian"]
[Site "Germany"]
[Round "3.8"]
[Result "1/2-1/2"]
[Date "2012.11.25"]
[WhiteElo "2006"]
[BlackElo "2132"]
[PlyCount "56"]
[EventDate "2012.10.14"]
[EventType "team-tourn"]
[EventRounds "9"]
[EventCountry "GER"]
[SourceTitle "CBM 154 Extra"]
[Source "ChessBase"]
[SourceDate "2013.06.25"]
[SourceVersion "2"]
[SourceVersionDate "2013.06.25"]
[SourceQuality "1"]
[WhiteTeam "Aue Nickelhuette"]
[BlackTeam "Dresden TU"]
[WhiteTeamCountry "GER"]
[BlackTeamCountry "GER"]

1. e4 e6 2. d4 d5 3. Nc3 Nf6 4. e5 Nfd7 5. f4 c5 6. Nf3 Nc6 7. Be3 Be7 8. Qd2 a6 9. Be2 0-0 10. 0-0 b5 11. a3 Bb7 12. Nd1 Qc7 13. c3 cxd4 14. Nxd4 Nc5 15. Qc2 Rac8 16. Nf2 f6 17. exf6 gxf6 18. b4 Nxd4 19. Bxd4 Na4 20. Bd3 Qxf4 21. Bxh7+ Kh8 22. Qg6 Qh4 23. Ng4 Qxh7 24. Rxf6 Bxf6 25. Bxf6+ Rxf6 26. Qxf6+ Qg7 27. Qh4+ Qh7 28. Qf6+ Qg7 1/2-1/2

[Event "Dresden ZMDI Blitz"]
[White "Peil, Christoph"]
[Black "Kiessling, Andreas"]
[Site "Dresden"]
[Round "8"]
[Result "1-0"]
[Date "2011.08.13"]
[WhiteElo "1916"]
[BlackElo "2001"]
[PlyCount "81"]
[EventDate "2011.08.06"]
[EventType "swiss (blitz)"]
[EventRounds "9"]
[EventCountry "GER"]
[SourceTitle "EXT 2022"]
[Source "ChessBase"]
[SourceDate "2021.10.06"]
[SourceVersion "1"]
[SourceVersionDate "2021.10.06"]
[SourceQuality "1"]

1. d4 Nf6 2. c4 g6 3. Nc3 Bg7 4. e4 d6 5. Bd3 0-0 6. Nge2 e5 7. d5 c6 8. 0-0 Nbd7 9. Bc2 Qc7 10. h3 a6 11. Be3 c5 12. Ng3 Rb8 13. Qe2 Nb6 14. Kh2 Bd7 15. a3 Nc8 16. b4 b6 17. Rfc1 Ne7 18. Ba4 Ne8 19. Bxd7 Qxd7 20. f3 f5 21. Bf2 Nf6 22. Rab1 f4 23. Nf1 g5 24. Kg1 h5 25. Nh2 Ng6 26. Qd1 Kf7 27. Rb2 Rfc8 28. bxc5 bxc5 29. Rcb1 Rxb2 30. Rxb2 Qa7 31. Qb3 Rc7 32. Be1 Bf8 33. Na4 Nd7 34. Ba5 Rc8 35. Qb7 Qxb7 36. Rxb7 Ke8 37. Bc7 Ra8 38. Nf1 Nh8 39. Nd2 Nf7 40. Ba5 Nd8 41. Rxd7 1-0

[Event "GER-ch U14"]
[White "Peil, Christoph"]
[Black "Mueller, Constantin"]
[Site "Oberhof"]
[Round "8"]
[Result "1-0"]
[Date "2011.06.17"]
[WhiteElo "1902"]
[BlackElo "1839"]
[PlyCount "45"]
[EventDate "2011.06.11"]
[EventType "swiss"]
[EventRounds "9"]
[EventCountry "GER"]
[SourceTitle "CBM 142 Extra"]
[Source "ChessBase"]
[SourceDate "2011.06.27"]
[SourceVersion "1"]
[SourceVersionDate "2011.06.27"]
[SourceQuality "1"]

1. e4 e6 2. d4 d5 3. Nc3 Bb4 4. exd5 exd5 5. Bd3 Ne7 6. Qh5 Qd7 7. Bf4 c5 8. dxc5 d4 9. a3 dxc3 10. axb4 cxb2 11. Rb1 Nbc6 12. Bd2 Qe6+ 13. Ne2 a5 14. bxa5 Nf5 15. 0-0 g6 16. Qg5 0-0 17. Ng3 Nxg3 18. fxg3 f6 19. Qf4 Kg7 20. Qh6+ Kg8 21. Bxg6 hxg6 22. Qxg6+ Kh8 23. Rf4 1-0